Państwa które posiadają roszczenia terytorialne na Antarktydzie - Statystyki

Ogólne statystyki
  • Ten quiz został rozwiązany 86 razy
  • Średni wynik to 6 z 7
Statystyki odpowiedzi
Wskazówka Odpowiedź % Poprawnych
7. Wielka Brytania
87%
6. Norwegia
84%
2. Australia
83%
1. Argentyna
82%
3. Chile
74%
4. Francja
74%
5. Nowa Zelandia
73%
Nie znaleziono quizów pasujących do podanych kryteriów
Rozkład punktacji
Procent ludzi z każdym wynikiem
Percentyl według liczby udzielonych odpowiedzi
Twoja historia wyników
Nie rozwiązałeś tego quizu